000
00251 a2200121 4500
250
_a
2ème éd.
245
_a
La guérison
100
_a
Sarano, J.
260
_c
1966
300
_a
128 p.
999
_c
17524
_d
17524